Score 0/15 Timer 05:00
1 Play Today
A Type A or B % Correct
George convinces Manager Buck Showalter to switch the uniforms to cotton???
84.1%
George is hired as the assistant equipment manager for the Yankees???
81.6%
Elaine gets ejected from a Yankee game after refusing to take off her Orioles cap???
81.3%
Steinbrenner develops a love of stromboli which he sends George out for every day at lunch???
80.2%
Kramer spots Joe DiMaggio dunking his donut at Dinky Donuts???
78.6%
Kramer sneaks into the Yankees locker room and asks Paul O'Neill to catch a ball with his hat???
76.7%
George's supervisor at the Yankees is Mr. Thomassoulo???
76.3%
On the way to a fundraiser with outfielder Danny Tartabull, George gets sidetracked after a driver yells 'Yankees stink!'???
73.8%
A Type A or B % Correct
George once suggested the Yankees have a Jon Voight Day as a promotion???
73.7%
Jerry calls in a bomb threat to Yankee Stadium demanding fitted hats on Hat Day???
73%
Kramer knocked out Mickey Mantle at Yankees Fantasy Camp???
70.8%
George put on Babe Ruth's old uniform in an effort to get fired???
70%
Frank Costanza's response to Steinbrenner after hearing that George is dead: 'Why the hell did you keep firing Billy Martin?'???
68.9%
George once gave hitting advice to Tino Martinez and Darryl Strawberry???
65.2%
George gets traded by the Yankees to Tyler Chicken???
64.4%
Remove Ads.
Support Sporcle.
Get the best of Sporcle when you Go Orange. This ad-free experience offers more features, more stats, and more fun while also helping to support Sporcle. Thank you for becoming a member.

You're not logged in!

Compare scores with friends on all Sporcle quizzes.
OR
Log In

Show Comments

Extras

Top Quizzes Today


Score Distribution

Your Account Isn't Verified!

In order to create a playlist on Sporcle, you need to verify the email address you used during registration. Go to your Sporcle Settings to finish the process.

Report this User

Report this user for behavior that violates our Community Guidelines.

Details: